| 000 | 00000nam##2200000za#4500 |
| 001 | 9.516432 |
| 003 | CaOODSP |
| 005 | 20200327031626 |
| 007 | ta |
| 008 | 150406|1992||||xxc||||| f|0| 0 eng|d |
| 020 | |a0-660-57945-6 |
| 022 | |a0706-148X |
| 040 | |aCaOODSP|beng |
| 041 | |aeng |
| 041 | |afre |
| 043 | |an-cn--- |
| 086 | 1 |aS52-2/214-1992 |
| 110 | 1 |aCanada.|bSecretary of State of Canada. |bTranslation Bureau. |
| 245 | 10|aVocabulary of global warming, Volume I: Contributors to the greenhouse effect / |cby Denis Rivard. |
| 260 | |aOttawa - Ontario : |bSecretary of State of Canada. |c1992. |
| 300 | |a597p. : |c22 cm. |
| 490 | 1 |aTerminology bulletin|x0706-148X|v214 |
| 504 | |aBibliography. |
| 520 | 3 |aThe greenhouse effect has inspired 7,000 entries focusing on global warming, a complete typology of major greenhouse gases, specifically CFCs or chlorofluorocarbons. Includes the terminology of atmospheric particles (aerosols) and air humidity (clouds), two greenhouse contributors whose behaviour is of vital interest to modellers. Terminology Bulletin 2 14. |
| 546 | |aBilingual |
| 563 | |aSoftcover |
| 590 | |a93-06|b1993-02-12 |
| 690 | 07|aGlobal warming|2gcpds |
| 690 | 07|aTerminology|2gcpds |
| 690 | 07|aGreenhouse effect|2gcpds |
| 720 | 1 |aRivard, Denis |
| 776 | 0#|tVocabulaire du réchauffement climatique. Volume I: Les agents à effet de serre / |w(CaOODSP)9.590526 |
| 792 | |tVocabulaire du réchauffement climatique, Volume I: Les agents à effet de serre / |efre|w(CaOODSP)9.516433 |
| 830 | #0|aTerminology bulletin,|x0706-148X|v214|w(CaOODSP)9.509598 |